| 000 | 00000cas 2200000za 4500 |
| 001 | 9.505821 |
| 003 | CaOODSP |
| 005 | 20260112071344 |
| 007 | cr ||||||||||| |
| 008 | 150406c19979999oncar p o f0 a0eng|d |
| 022 | |a1487-0177 |
| 040 | |aCaOODSP|beng |
| 043 | |an-cn--- |
| 086 | 1 |aF1-33E-PDF |
| 110 | 1 |aCanada. |bDepartment of Finance. |
| 210 | 0 |aDebt manag. rep. |b(Online) |
| 222 | 0|aDebt management report |b(Online) |
| 240 | 10|aDebt management report (Online) |
| 245 | 10|aDebt management report |h[electronic resource]. |
| 260 | |aOttawa : |bDept. of Finance Canada, |c[1998]- |
| 310 | |aAnnual |
| 362 | 0 |a1997- |
| 500 | |aIssued also in French under title: Rapport sur la gestion de la dette. |
| 692 | 07|2gccst|aDebt management |
| 775 | 08|tRapport sur la gestion de la dette |w(CaOODSP)9.502226 |
| 780 | 00|tDebt operations report |w(CaOODSP)9.506979 |